LEADER 00920nam a2200229 i 4500 001 000000058903 003 CaOOAMICUS 005 20230921122704.0 008 121009s1994 it u000 u ita u 013 $a30075 040 $aSeMil$bita 245 10$aSant'Ambrogio, una chiesa e la sua gente. 260 $a[S.l. :$bs.n.],$c1994. 300 $a230 p. :$bill. ;$c31 cm. 500 $aDedica omaggio a don Pierantonio Tremolada. - Complemento del titolo sulla sovracopertina : Trent'anni di storia. 650 4$aSeregno - Chiese - Sant'Ambrogio.$0(OLS)http://semarc/subject/46104 850 $aSeMil 852 $aSeMil$W1$xVenegono$y1$m3P VI 55$j25056$B25056$CSeMilBibl$Z2$F25059 $81 961 $aOmaggio: Tremolada don Pierantonio 996 $6245$aSant'Ambrogio, una chiesa e la sua gente$9(OLS)http://semarc/title/91919 996 $6260$a[S.l. :$bs.n.]$9(OLS)http://semarc/publisher/29751 LEADER 00928nam a2200217 i 4500 001 000000203843 003 CaOOAMICUS 005 20110708000000.0 008 110708s1962 it u000 u ita u 013 $a182558 040 $aSeMil$bita 100 1 $aCencetti, Giorgio,$d<1908-1970>.$0(OLS)http://semarc/name/65241 245 10$aGiosuč Carducci nella deputazione di storia patria /$cGiorgio Cencetti. 260 $aBologna :$bPresso la Deputazione di storia patria,$c1962. 300 $a16 p. ;$c25 cm. 600 14$aCarducci, Giosuč <1835-1907>.$0(OLS)http://semarc/subject/4815 850 $aSeMil 852 $aSeMil$W1$xVenegono$y1$m5B III 21/29$j154337$B154337$CSeMilBibl$Z2$F165227 $81 961 $aOmaggio: Altro 996 $6245$aGiosuč Carducci nella deputazione di storia patria$9(OLS)http://semarc/title/295298 996 $6260$aBologna :$bPresso la Deputazione di storia patria$9(OLS)http://semarc/publisher/51880 LEADER 01100nam a2200241 i 4500 001 000000118046 003 CaOOAMICUS 005 20030918000000.0 008 030918n gw u000 u ger u 013 $a90739 040 $aSeMil$bita 100 1 $aLudwig, Gumbert .$0(OLS)http://semarc/name/49273 245 14$aDie Basilika in Nazaret :$bwo Jesus unser bruder wurde /$cP. Gumbert Ludwig OFM. 260 $a[S.l. :$bs.n.],$c[19--]?$e(Thaur/Tirol :$fThaurdruck,$g[19--]?) 300 $a124 p. :$briccamente ill. ;$c21 cm. 500 $aDedica autografa dell'Autore in fine. - In terza di copertina ripiegata : Pianta della basilica dell'Annunciazione. - Fondo Card. C.M. Martini. 650 4$aNazaret - Chiese.$0(OLS)http://semarc/subject/21944 850 $aSeMil 852 $aSeMil$W1$xVenegono$y1$m5L XVI 51$j73377$B73377$CSeMilBibl$Z2$F89899 $81 941 1 $a4 961 $aOmaggio: Martini Card. Carlo Maria 996 $6245$aDie Basilika in Nazaret :$bwo Jesus unser bruder wurde$9(OLS)http://semarc/title/173382 996 $6260$a[S.l. :$bs.n.]$9(OLS)http://semarc/publisher/29751